00367pab a2200121 454500008004000000100001900040245010800059260000900167300001300176650001700189650002000206773001900226180718b1997 xxu||||| |||| 00| 0 eng d aHeer, Burkhard aUnemployment insurance versus welfare payment: a dynamic CGE analysis of employment and welfare effects c1997 ap.367-93 aUnemployment aSocial security aPublic Finance